| 000 | 00429nab a2200145Ia 4500 | ||
|---|---|---|---|
| 003 | ES-SlBCS | ||
| 005 | 20210601141634.0 | ||
| 008 | 140529s1986 xxu||||| |||| 00| 0 spa d | ||
| 041 | _aspa | ||
| 100 | 1 |
_aColomer, Anna M. _9259186 |
|
| 245 | 0 | 0 |
_aBibliografía del P. Basili de Rubí _c Anna M. Colomer |
| 600 | 1 | 4 |
_aRubí, Basili de _9130314 |
| 773 | 0 |
_tEstudios Franciscanos _gvol. 87, 1986, págs. 361-377 _wRev191 |
|
| 942 | _cAR | ||
| 999 |
_c664001 _d664001 |
||